| 000 | 00673cam a2200205 4500 | ||
|---|---|---|---|
| 001 | WB3607-21 | ||
| 008 | 000000n2000 000 0 eng u | ||
| 035 | _a(Sirsi) u104223 | ||
| 245 | _aGrowth predicted as house prices fall | ||
| 260 | _c2000 | ||
| 490 |
_aHerald _v 17 February 2000, 19(1) |
||
| 520 | _aDespite a 3.3% drop in January 2000, house prices in Scotland are still 4.4% higher than in January 1999 according to Lloyds TSB Bank Scotland. | ||
| 590 | _aWB | ||
| 650 | _aSCOTLAND | ||
| 650 | _aHOUSE PRICES | ||
| 650 | _aHOUSING MARKET | ||
| 650 | _aINTEREST RATES | ||
| 690 | _aPROPERTY-RESIDENTIAL PROPERTY-RESIDENTIAL PROPERTY MARKET | ||
| 942 | _n0 | ||
| 999 |
_c62543 _d62543 |
||